01495 a2200241 4500003000500000005001700005010001700022020002300039020002600062035002100088035002400109040000900133082001200142100002500154245006000179260003600239300002700275505077500302650004701077650003501124651001101159856008301170Nust20170207154047.0 a 2008037343 a0470179996 (cloth) a9780470179994 (cloth) a(OCoLC)243547671 a(OCoLC)ocn243547671 cNust00a332.0241 aBiegelman, Martin T.10aIdentity theft handbook -(E-BOOK)cMartin T. Biegelman. aHoboken, N.J. :bWiley,cc2009. axxiv, 349 p. ;c26 cm. aThe Identity Theft Explosion (Page-1) Game Of The Name: How It All Began (Page-13) How Identity Theft Occurs(Page-27) Student Loan Fraud And The Theft Of Identity (Page-45) Nigerian Criminal Enterprises (Page-57)Methamphetamine, The Mails, And Check Washing (Page-73) The Violent Side Of Identity Theft (Page-85) Medical Identity Theft (Page-97) Legislation And Criminal Statutes (Page-129) Law Enforcement Efforts (Page-151) Victims And Victimization(Page-177) The Rich, The Famous, And The Dead Get No Peace (Page-205) Identity Theft Goes Global (Page-221) Privacy And Data Breaches(Page-239) Identity Theft Research (Page-263) The Center For Identity Management (Page-277) Preventing Identity Theft: 21 Rules You Must Use (Page-295) Future Of Identity Theft (Page-313 0aIdentity theftzUnited StatesxPrevention. 0aIdentity theftzUnited States. aE-BOOK413Table of contents onlyuhttp://www.loc.gov/catdir/toc/ecip0826/2008037343.html